000 01236cam a22004214i 4500
003 PE-LiUPU
005 20250731173157.0
008 150623s1953 fr r 000 0 fre d
035 _a(Sirsi) a29240
040 _aPE-LiUPU
_bspa
_cPE-LiUPU
_dPE-LiUPU
_erda
049 _aPRUA
082 0 4 _a294.5
_bH41
_221
100 1 _aHerbert, Jean,
_eautor.
245 1 3 _aLa mythologie hindoue /
_cJean Herbert.
264 1 _aParis :
_bÉditions Albin Michel,
_c1953.
300 _a461 páginas ;
_c19 centímetros
336 _atext
_2rdacontent
337 _aunmediated
_2rdamedia
338 _avolume
_2rdacarrier
505 0 _aLa mythollgie hindoue.
526 _aSEG42
526 _aSEG41
526 _aSEG40
526 _aSEG39
526 _aP94
526 _aP87
526 _aP86
526 _aP85
526 _aP77
526 _aP76
526 _aP35
650 0 7 _aMitología Indú.
_2embne
942 _2ddc
_cBOOK
994 _aC0
_bPEPRU
596 _a1
999 _a294.5 H41
_wDEWEY
_c36577
_i00100
_f2021-11-12
_g5
_lCCODEBUL1
_mBUL
_p24.00
_r0
_sY
_tBOOK
_u2015-6-24
_xTEOLOGIA
_PP35
_0DONACION
_o.STAFF. Colección Teología
_d36577
980 _81
_gALBERTO SANCHEZ Responsable de Automatización